1485 1980 1575 1354 1348 1537 1635 1820 1494 1027 1698 1213 1821 1623 1099 1222 1575 1297 1269 1154 1932 1998 1123 1922 1075 1896 1746 1976 1128 1529 1814 1813 1953 1539 1761 1839 1385 1258 1653 1126 1129 1500 1129 1442 1075 1487 1722 1278 1410 1896 1510 1863 1570 1404 1301 1951 1552 1307 1928 1940 1721 1892 1726 1116 1988 1306 1747 1393 1290 1539 1327 1022 1941 1561 1078 1872 1928 1241 1934 1790 1369 1419 1265 1432 1610 1147 1461 1817 1498 1270 1879 1375 1905 1459 1974 1760 1345 1459 1991 BCNSPRNW ULIB Ver.6.0+V

เปลี่ยนเป็นภาษาไทย

Change to English
 แสดงรายละเอียดบรรณานุกรม
  กลับหน้าหลัก

Brief Record : Get Marc (ISO 2709) : E-mail record : QR code < ปิดหน้าต่าง
LEADER : 00000nam 2200000uu 4500
001    13399109067
003     ULIB
008    110321s2549||||th 000 0 tha d
020    9749457692
050  4 HD31^bจ214ก 2549
100 0  จักร ติงศภัทิย์
245 10 การจัดการยุคใหม่ :กลยุทธ์การบริหารผลการดำเนินงาน =^bModern management : A strategic approcah for performance management /^cจักร ติงศภัทิย์
246 31 Modern management : A strategic approcah for performancemanagement
250    พิมพ์ครั้งที่ 1
260    กรุงเทพฯ :^bเอ็กซเปอร์เน็ท,^c2549
300    173 หน้า :^bภาพประกอบ ;^c22 ซม.
650  7 การจัดการ
650  7 การจัดการองค์การ
650  7 การบริหาร
945    ^p180^l0^i029850
945    ^p180^l0^i029849
995    ทศพร
999 ^a ใช้งานได้ทุกระบบ
รายการนี้ยังไม่มีแท็ก
คุณยังไม่ได้ล็อกอิน คุณสามารถมีกิจกรรมร่วมกับเว็บไซต์ได้ แต่ต้องล็อกอินก่อน ::
  ล็อกอิน

รายการสื่อสารสนเทศ

ลำดับที่ ประเภท เลขเรียก/บาร์โค้ด สถานที่ สถานะ
1. การศึกษาทั่วไป
การศึกษาทั่วไป
HD31 จ214ก 2549 ฉ.2 
  Barcode: 029850
ห้องสมุดวิทยาเขตนครสวรรค์
►หนังสือทั่วไป:l:General Books
บนชั้น

รายการใกล้เคียง
    ผู้แต่ง [จักร ติงศภัทิย์]

    หัวเรื่อง [การจัดการ]
    หัวเรื่อง [การจัดการองค์การ]
    หัวเรื่อง [การบริหาร]

BibComment


ยังไม่เคยถูกคอมเมนท์

คอมเมนท์ทรัพยากรรายการนี้
  คอมเมนท์: การจัดการยุคใหม่ ..


 Copyright 2026. Bcnsprnw @Library